| 000 | 01638nam0a2200373 4500 | ||
|---|---|---|---|
| 001 | RU\NLR\bibl\1856721 | ||
| 005 | 20250616181138.0 | ||
| 010 |
_a978-5-9971-0156-5 _9300 |
||
| 021 |
_aRU _b2011-100158 _97168 |
||
| 035 | _a(nilc)RSL-KNO-005116543 | ||
| 035 | _a(NLR Aleph) 001846647 | ||
| 090 |
_a2345269 _c2345269 |
||
| 100 | _a20111219d2011 |||y0rusy50 ca | ||
| 101 | 0 | _arus | |
| 102 | _aRU | ||
| 105 | _aa ||||||||| | ||
| 200 | 1 |
_aПриродные антиоксиданты _e(экологический аспект) _fГ.Н. Чупахина, П.В. Масленников, Л.Н. Скрыпник _gБалт. федер. ун-т им. Иммануила Канта |
|
| 210 |
_aКалининград _cИзд-во Балтийского федерального университета _d2011 |
||
| 215 |
_a111 с. _cил. _d21 |
||
| 320 | _aБиблиогр. в конце глав | ||
| 606 | 1 |
_aРастения _xОкислительно-восстановительные реакции _xВлияние экологических факторов _92108044 _3RU\NLR\auth\661577836 |
|
| 686 |
_aЕ572.34,0 _2rubbk |
||
| 686 | _aЕ572.34 | ||
| 700 | 1 |
_aЧупахина _bГ. Н. _gГалина Николаевна _4070 |
|
| 701 | 1 |
_aМасленников _bП. В. _gПавел Владимирович _4070 |
|
| 701 | 1 |
_aСкрыпник _bЛ. Н. _gЛюбовь Николаевна _4070 |
|
| 801 | 0 |
_aRU _bRuMoRKP _c20111219 _grcr |
|
| 801 | 1 |
_aRU _bРГБ _c20111219 |
|
| 801 | 2 |
_aRU _bNLR _c20120116 _grcr |
|
| 830 | _aАвт. по кн. | ||
| 942 | _cBOOK | ||
| 980 | _aNB | ||
| 980 | _aNBR | ||